LIBRARY & INFORMATION CENTRE, KCAET, TAVANUR

ONLINE PUBLIC ACCESS CATALOGUE (OPAC)

Design and fabrication of an oscillating sieve for studies on black pepper grading in the laboratory (Record no. 15251)

MARC details
000 -LEADER
fixed length control field 00824nam a22002057a 4500
003 - CONTROL NUMBER IDENTIFIER
control field OSt
088 ## - REPORT NUMBER
Report number P 7
100 ## - MAIN ENTRY--AUTHOR NAME
Personal name BALACHANDRAN PILLAI G
245 ## - TITLE STATEMENT
Title Design and fabrication of an oscillating sieve for studies on black pepper grading in the laboratory
260 ## - PUBLICATION, DISTRIBUTION, ETC. (IMPRINT)
Place of publication Tavanur 1992
Name of publisher Department of Farm Power Machinery and Energy
300 ## - PHYSICAL DESCRIPTION
Number of Pages 41
500 ## - GENERAL NOTE
General note Design and fabrication of an oscillating sieve for studies on black pepper grading in the laboratory
520 ## - SUMMARY, ETC.
Summary, etc Design and fabrication of an oscillating sieve for studies on black pepper grading in the laboratory
700 ## - ADDED ENTRY--PERSONAL NAME
Personal name Sabu M. S
700 ## - ADDED ENTRY--PERSONAL NAME
Personal name Sivarajan K
700 ## - ADDED ENTRY--PERSONAL NAME
Personal name Er. Jippu Jacob (Guide)
856 ## - ELECTRONIC LOCATION AND ACCESS
Uniform Resource Identifier https://drive.google.com/open?id=1R8jZhC1isPXcpIh4RmGfbmxS597aBVj2
942 ## - ADDED ENTRY ELEMENTS (KOHA)
Koha item type Project Report
Holdings
Collection code Home library Current library Shelving location Full call number Accession Number Koha item type
Reference KAUAET KAUAET Reference 631.3 BAL/DE P7 Project Report
free website counter